Statistics for My All-Time NBA Starting Lineup

Click here to take the quiz!

General Stats

  • This quiz has been taken 147 times
  • The average score is 11 of 13

Answer Stats

PositionPlayer% Correct
SFLeBron James
98%
SGMichael Jordan
98%
BenchShaquille O'Neal
92%
PGMagic Johnson
90%
CWilt Chamberlain
90%
BenchKareem Abdul-Jabbar
89%
BenchKobe Bryant
87%
PFTim Duncan
87%
BenchLarry Bird
78%
BenchBill Russell
77%
BenchStephen Curry
77%
BenchKarl Malone
74%
BenchKevin Durant
71%

Score Distribution

Percentile by Number Answered

Percent of People with Each Score

Your Score History

You have not taken this quiz